00508 2200169 4500001002100000008004100021035002000062245009600082100003400178260002400212300001200236020001800248084002000266082000800286650002600294990001800320INLIS000000000000678 ind  a0010-0724000678 aQuantum Learning Membiasakan Belajar Nyaman Dan MenyenangkancBobby deporter, mike hernacki aBobby deporter, mike hernacki aBandungbAifac2005 a356 hlm a979-9452-00-7 a970.152.3 DEP q a970 aSejarah Amerika Utara aP29/CP/24/678